[Event "Mittelrhein Regionalliga 18/19"]
[Site "Nordrheinwestfalen"]
[Date "2019.01.20"]
[Round "6.7"]
[White "Statz, Samuel"]
[Black "Wolff, Michael"]
[Result "1-0"]
[WhiteElo "1987"]
[BlackElo "1882"]
[PlyCount "109"]
[EventDate "2018.10.28"]
[EventType "team-tourn"]
[EventRounds "11"]
[EventCountry "GER"]
[SourceTitle "EXT 2022"]
[Source "ChessBase"]
[SourceDate "2021.10.06"]
[SourceVersion "1"]
[SourceVersionDate "2021.10.06"]
[SourceQuality "1"]
[WhiteTeam "Wuerselen"]
[BlackTeam "Koeln Ford SF"]
[WhiteTeamCountry "GER"]
[BlackTeamCountry "GER"]

1. e4 c5 2. c3 d5 3. exd5 Nf6 4. c4 e6 5. dxe6 Bxe6 6. Nf3 Nc6 7. Be2 Bd6 8. 0-0 0-0 9. Nc3 Rc8 10. d3 Ng4 11. Ne4 Be7 12. Nfg5 Nf6 13. Nxe6 fxe6 14. Ng5 Nd4 15. Be3 Nd7 16. Ne4 Ne5 17. Bg4 Rc6 18. Nc3 Nxd3 19. Bxd4 Qxd4 20. Bf3 Rb6 21. Na4 Rd6 22. Qc2 Rxf3 23. gxf3 Qh4 24. Kh1 Bg5 25. f4 Bxf4 26. f3 Nb4 27. Qf2 Qh6 28. Qg2 e5 29. Rf2 b6 30. Nc3 Nc6 31. Qg4 Rd8 32. Nd5 Nd4 33. Nxf4 exf4 34. Re1 Qd6 35. Re4 Rf8 36. Qg5 Kh8 37. Qe7 Qxe7 38. Rxe7 Ra8 39. Kg2 h6 40. Rd2 Kg8 41. b4 a5 42. bxc5 bxc5 43. Rc7 Ne6 44. Rc6 Re8 45. Re2 Kf7 46. Ra6 Nd4 47. Rxe8 Kxe8 48. Rxa5 Ke7 49. Rxc5 Ne6 50. Rd5 g5 51. a4 Nc7 52. Rc5 Kd6 53. Rf5 Ke6 54. Rf8 Na6 55. Rh8 1-0

[Event "Mittelrhein Regionalliga 1718"]
[Site "Nordrheinwestfalen"]
[Date "2018.05.06"]
[Round "9.5"]
[White "Hennicken, Reinhard"]
[Black "Statz, Samuel"]
[Result "0-1"]
[WhiteElo "1921"]
[BlackElo "1987"]
[PlyCount "44"]
[EventDate "2017.09.10"]
[EventType "team-tourn"]
[EventRounds "9"]
[EventCountry "GER"]
[SourceTitle "EXT 2022"]
[Source "ChessBase"]
[SourceDate "2021.10.06"]
[SourceVersion "1"]
[SourceVersionDate "2021.10.06"]
[SourceQuality "1"]
[WhiteTeam "Aachen DJK Aufwärts III"]
[BlackTeam "Wuerselen"]
[WhiteTeamCountry "GER"]
[BlackTeamCountry "GER"]

1. e4 e5 2. Nf3 Nc6 3. Bb5 Bb4 4. c3 Ba5 5. 0-0 Nge7 6. d4 exd4 7. cxd4 d5 8. e5 Bg4 9. Bg5 h6 10. Bxc6+ bxc6 11. Be3 Bb6 12. Nbd2 Nf5 13. Qa4 Qd7 14. Rfe1 Nxe3 15. e6 Bxe6 16. Ne5 Qd6 17. Rxe3 0-0 18. Nxc6 Bd7 19. Rc1 Rfe8 20. Rec3 Re2 21. Qd1 Rae8 22. Qc2 Qf4 0-1

[Event "Mittelrhein Regionalliga 1718"]
[Site "Nordrheinwestfalen"]
[Date "2017.11.12"]
[Round "3.7"]
[White "Wagner, Rainer"]
[Black "Statz, Samuel"]
[Result "1/2-1/2"]
[WhiteElo "1990"]
[BlackElo "1952"]
[PlyCount "41"]
[EventDate "2017.09.10"]
[EventType "team-tourn"]
[EventRounds "9"]
[EventCountry "GER"]
[SourceTitle "EXT 2022"]
[Source "ChessBase"]
[SourceDate "2021.10.06"]
[SourceVersion "1"]
[SourceVersionDate "2021.10.06"]
[SourceQuality "1"]
[WhiteTeam "Bonn Stadtverwaltung"]
[BlackTeam "Wuerselen"]
[WhiteTeamCountry "GER"]
[BlackTeamCountry "GER"]

1. d4 d5 2. Nf3 e6 3. Bf4 Nf6 4. e3 b6 5. c4 Bb7 6. Nc3 Be7 7. Qa4+ Bc6 8. Qc2 dxc4 9. Ne5 Nh5 10. Nxc6 Nxc6 11. Qe4 Nb4 12. Bxc4 Nxf4 13. exf4 c6 14. 0-0 0-0 15. Rad1 g6 16. Rfe1 Re8 17. g4 Nd5 18. Rd3 Bd6 19. Ne2 Qh4 20. Rg3 Qf6 21. Rf3 1/2-1/2

[Event "Mittelrhein Verbandsliga-W 15/16"]
[Site "Nordrheinwestfalen"]
[Date "2016.04.10"]
[Round "10.1"]
[White "Statz, Samuel"]
[Black "Bausch, Thomas"]
[Result "0-1"]
[WhiteElo "1941"]
[BlackElo "2004"]
[PlyCount "120"]
[EventDate "2015.09.06"]
[EventType "team-tourn"]
[EventRounds "11"]
[EventCountry "GER"]
[SourceTitle "EXT 2022"]
[Source "ChessBase"]
[SourceDate "2021.10.06"]
[SourceVersion "1"]
[SourceVersionDate "2021.10.06"]
[SourceQuality "1"]
[WhiteTeam "Erftstadt SV"]
[BlackTeam "Pulheim"]
[WhiteTeamCountry "GER"]
[BlackTeamCountry "GER"]

1. e4 e6 2. d4 d5 3. Nc3 Nf6 4. Bg5 Be7 5. e5 Nfd7 6. h4 h6 7. Bxe7 Qxe7 8. Nb5 Qd8 9. Qg4 Kf8 10. Nf3 a6 11. Na3 c5 12. c3 Nc6 13. Nc2 cxd4 14. cxd4 f5 15. Qf4 h5 16. Nd2 g6 17. f3 Kg7 18. Bd3 b6 19. 0-0-0 a5 20. g4 Ba6 21. Bxa6 Rxa6 22. gxf5 exf5 23. Ne3 Ne7 24. Rhg1 Kh7 25. Qg5 b5 26. Ng2 Nf8 27. Nf4 Ne6 28. Nxe6 Rxe6 29. f4 Nc6 30. Nf3 Ne7 31. Rg2 Rc6+ 32. Kb1 Nc8 33. Qg3 Kg7 34. Ng5 Nb6 35. e6 Qf6 36. Rdg1 Rd8 37. Nf3 Rxe6 38. Ne5 Kh7 39. Nxg6 Rg8 40. Nf8+ Rxf8 41. Qc3 Nc4 42. Qf3 Qxh4 43. a3 Re1+ 44. Rxe1 Qxe1+ 45. Ka2 Qe8 46. Rg5 Kh6 47. Qg3 Nd6 48. Rg7 Ne4 49. Qg2 Rf6 50. Rg5 Rd6 51. Qh2 Qf7 52. Rg1 Rg6 53. Rc1 Qf6 54. Qe2 Qxd4 55. Qxb5 Rb6 56. Rc6+ Rxc6 57. Qxc6+ Nf6 58. Qd6 h4 59. Qf8+ Kg6 60. Qh8 Qxf4 0-1

[Event "Cologne Longerich op-A 11th"]
[Site "Cologne"]
[Date "2014.08.01"]
[Round "1"]
[White "Statz, Samuel"]
[Black "Harff, Marcel"]
[Result "0-1"]
[WhiteElo "1982"]
[BlackElo "2325"]
[PlyCount "82"]
[EventDate "2014.08.01"]
[EventType "swiss"]
[EventRounds "5"]
[EventCountry "GER"]
[SourceTitle "EXT 2022"]
[Source "ChessBase"]
[SourceDate "2021.10.06"]
[SourceVersion "1"]
[SourceVersionDate "2021.10.06"]
[SourceQuality "1"]

1. e3 e5 2. d4 e4 3. c4 c6 4. c5 b6 5. b4 a5 6. Qc2 f5 7. Bd2 axb4 8. Bxb4 Na6 9. Bxa6 Bxa6 10. Ne2 Nf6 11. Nbc3 bxc5 12. dxc5 Qb8 13. a3 Qe5 14. Rc1 Bxc5 15. Bxc5 Qxc5 16. Nxe4 Qa5+ 17. Nd2 Bxe2 18. Kxe2 0-0 19. Ra1 f4 20. Qc4+ d5 21. Qxc6 fxe3 22. fxe3 Rac8 23. Qe6+ Kh8 24. Rhf1 Qb5+ 25. Kd1 Rce8 26. Qd6 Qb2 27. Rb1 Qxd2+ 28. Kxd2 Ne4+ 29. Ke2 Nxd6 30. Rxf8+ Rxf8 31. a4 Kg8 32. Rb4 Ne4 33. Ke1 Ra8 34. Rd4 Ra5 35. Ke2 Kf7 36. Kf3 Ke6 37. Kf4 h5 38. g4 g5+ 39. Kf3 h4 40. Rb4 Ke5 41. h3 Ra7 0-1

[Event "Cologne Longerich op 09th"]
[Site "Cologne"]
[Date "2012.08.05"]
[Round "5"]
[White "Statz, Samuel"]
[Black "Heinrich, Philipp"]
[Result "1-0"]
[WhiteElo "1463"]
[BlackElo "1643"]
[PlyCount "57"]
[EventDate "2012.08.03"]
[EventType "tourn"]
[EventRounds "5"]
[EventCountry "GER"]
[SourceTitle "EXT 2017"]
[Source "ChessBase"]
[SourceDate "2016.10.25"]
[SourceVersion "1"]
[SourceVersionDate "2016.10.25"]
[SourceQuality "1"]

1. e4 c5 2. c3 d5 3. exd5 Qxd5 4. d4 Nc6 5. Nf3 e6 6. Be2 Nf6 7. 0-0 Be7 8. Be3 cxd4 9. Nxd4 Nxd4 10. Bxd4 0-0 11. Bf3 Qd8 12. Qb3 Nd5 13. Rd1 Qc7 14. c4 Nb4 15. Na3 a6 16. Qe3 Nc6 17. Bb6 Qe5 18. Bxc6 Qxe3 19. fxe3 bxc6 20. c5 e5 21. Nc4 Bg4 22. Rd2 Bd8 23. Bxd8 Rfxd8 24. Rxd8+ Rxd8 25. Nxe5 Be6 26. Nxc6 Rd2 27. Nd4 Bd5 28. Nf3 Rxb2 29. Rd1 1-0

[Event "Cologne Longerich op 09th"]
[Site "Cologne"]
[Date "2012.08.03"]
[Round "1"]
[White "Statz, Samuel"]
[Black "Margenberg, Volker"]
[Result "0-1"]
[WhiteElo "1463"]
[BlackElo "1724"]
[PlyCount "46"]
[EventDate "2012.08.03"]
[EventType "tourn"]
[EventRounds "5"]
[EventCountry "GER"]
[SourceTitle "EXT 2017"]
[Source "ChessBase"]
[SourceDate "2016.10.25"]
[SourceVersion "1"]
[SourceVersionDate "2016.10.25"]
[SourceQuality "1"]

1. e4 e6 2. d4 d5 3. Nc3 Nf6 4. e5 Nfd7 5. Bd3 c5 6. dxc5 Nxc5 7. Nf3 Nc6 8. Bb5 Bd7 9. 0-0 Qc7 10. Re1 Be7 11. Bxc6 Bxc6 12. Ng5 h6 13. Qh5 g6 14. Qh3 Bf8 15. Be3 0-0-0 16. Rac1 d4 17. b4 dxe3 18. Rxe3 Na4 19. Nxa4 Bxa4 20. Rc3 Bc6 21. Nxe6 fxe6 22. b5 Qd7 23. bxc6 Qd1+ 0-1